Niẓām saqqah / (Record no. 4034)
[ view plain ]
| 000 -LEADER | |
|---|---|
| fixed length control field | 00863mam a22003017a 4500 |
| 001 - CONTROL NUMBER | |
| control field | 1550860 |
| 003 - CONTROL NUMBER IDENTIFIER | |
| control field | Nust |
| 005 - DATE AND TIME OF LATEST TRANSACTION | |
| control field | 20170622101340.0 |
| 008 - FIXED-LENGTH DATA ELEMENTS--GENERAL INFORMATION | |
| fixed length control field | 940429s1993 pk 000 0 urd |
| 010 ## - LIBRARY OF CONGRESS CONTROL NUMBER | |
| LC control number | 93930805 |
| 020 ## - INTERNATIONAL STANDARD BOOK NUMBER | |
| International Standard Book Number | 9690010816 : |
| Terms of availability | Rs99.00 |
| 025 ## - OVERSEAS ACQUISITION NUMBER | |
| Overseas acquisition number | P-U-028695 14/1-182 |
| 035 ## - SYSTEM CONTROL NUMBER | |
| System control number | (OCoLC)ocm30438477 |
| 035 ## - SYSTEM CONTROL NUMBER | |
| System control number | (NNC)1550860 |
| 040 ## - CATALOGING SOURCE | |
| Original cataloging agency | DLC |
| Transcribing agency | DLC |
| Modifying agency | CUY |
| 042 ## - AUTHENTICATION CODE | |
| Authentication code | lcode |
| 082 ## - DEWEY DECIMAL CLASSIFICATION NUMBER | |
| Classification number | 891.4392 |
| Author Mark | MUF |
| 090 ## - LOCALLY ASSIGNED LC-TYPE CALL NUMBER (OCLC); LOCAL CALL NUMBER (RLIN) | |
| Classification number (OCLC) (R) ; Classification number, CALL (RLIN) (NR) | PK2200.M823 |
| Local cutter number (OCLC) ; Book number/undivided call number, CALL (RLIN) | N59 1993 |
| 100 0# - MAIN ENTRY--PERSONAL NAME | |
| Personal name | Mumtāz Muftī. |
| 9 (RLIN) | 370 |
| 245 10 - TITLE STATEMENT | |
| Title | Niẓām saqqah / |
| Statement of responsibility, etc. | Mumtāz Muftī. |
| 260 ## - PUBLICATION, DISTRIBUTION, ETC. | |
| Place of publication, distribution, etc. | Lāhore : |
| Name of publisher, distributor, etc. | Fīrozsanz, |
| Date of publication, distribution, etc. | 1993. |
| 300 ## - PHYSICAL DESCRIPTION | |
| Extent | 169 p. ; |
| Dimensions | 22 cm. |
| 500 ## - GENERAL NOTE | |
| General note | Plays. |
| 500 ## - GENERAL NOTE | |
| General note | In Urdu. |
| 583 ## - ACTION NOTE | |
| Action | Preserved, |
| Method of action | Deacidified, |
| Time/date of action | 2005 |
| Site of action | Cranberry, PA |
| Action agent | Preservation Technologies LP |
| Authorization | New York State Conservation/Preservation Project |
| Institution to which field applies | NNC |
| 880 ## - ALTERNATE GRAPHIC REPRESENTATION | |
| Linkage | 100-01\(3\r |
| Title | ممتاز مفتی |
| 880 ## - ALTERNATE GRAPHIC REPRESENTATION | |
| Linkage | 245-02\(3\r |
| Title | نظام سقہ |
| c | ممتاز مفتی |
| 880 ## - ALTERNATE GRAPHIC REPRESENTATION | |
| Linkage | 260-03\(3\r |
| Title | لاہور: |
| b | الفیصل ناشران و تاجران، |
| c | 2008 |
| 942 ## - ADDED ENTRY ELEMENTS (KOHA) | |
| Source of classification or shelving scheme | |
| Koha item type | Book |
| Withdrawn status | Lost status | Source of classification or shelving scheme | Damaged status | Not for loan | Permanent Location | Current Location | Shelving location | Date acquired | Total Checkouts | Total Renewals | Full call number | Barcode | Date last seen | Date last checked out | Copy number | Price effective from | Koha item type |
|---|---|---|---|---|---|---|---|---|---|---|---|---|---|---|---|---|---|
| Central Library (CL) | Central Library (CL) | Fiction | 12/09/2016 | 3 | 1 | 891.4392 MUF | CL1871 | 12/26/2023 | 01/31/2022 | 1 | 12/09/2016 | Book |
